|
|
|
|
| LEADER |
00000cam a22000004a 4500 |
| 001 |
musev2_78855 |
| 003 |
MdBmJHUP |
| 005 |
20230905052131.0 |
| 006 |
m o d |
| 007 |
cr||||||||nn|n |
| 008 |
180716s2018 sa o 00 0 eng d |
| 020 |
|
|
|a 9781990922169
|
| 020 |
|
|
|z 9780994708120
|
| 035 |
|
|
|a (OCoLC)1264426417
|
| 040 |
|
|
|a MdBmJHUP
|c MdBmJHUP
|
| 245 |
0 |
0 |
|a Botsotso 18: Poetry /
|c editors, Allan Kolski Horwitz, Siphiwe ka Ngwenya, Mboneni Ike Muila.
|
| 264 |
|
1 |
|a Braamfontein :
|b Botsotso,
|c [2018]
|
| 264 |
|
3 |
|a Baltimore, Md. :
|b Project MUSE,
|c 2021
|
| 264 |
|
4 |
|c ©[2018]
|
| 300 |
|
|
|a 1 online resource (186 pages):
|b illustrations ;
|
| 336 |
|
|
|a text
|b txt
|2 rdacontent
|
| 337 |
|
|
|a computer
|b c
|2 rdamedia
|
| 338 |
|
|
|a online resource
|b cr
|2 rdacarrier
|
| 490 |
0 |
|
|a Botsotso ;
|v 18
|
| 500 |
|
|
|a Cover title.
|
| 546 |
|
|
|a Most poems in English, some in southern African languages (including Sotho and Tsonga).
|
| 588 |
|
|
|a Description based on print version record.
|
| 650 |
|
7 |
|a South African poetry.
|2 fast
|0 (OCoLC)fst01127211
|
| 650 |
|
7 |
|a poetry (form)
|0 (NL-LeOCL)294932224
|2 ascl
|
| 650 |
|
7 |
|a South Africa.
|0 (NL-LeOCL)294938672
|2 ascl
|
| 650 |
|
0 |
|a South African poetry
|y 21st century.
|
| 655 |
|
7 |
|a Poetry.
|2 lcgft
|
| 655 |
|
7 |
|a Poetry.
|2 fast
|0 (OCoLC)fst01423828
|
| 655 |
|
7 |
|a Electronic books.
|2 local
|
| 700 |
1 |
|
|a Muila, Ike Mboneni,
|e editor.
|4 edt
|
| 700 |
1 |
|
|a Ngwenya, Siphiwe,
|0 (DLC)no2013056237
|e editor.
|4 edt
|
| 700 |
1 |
|
|a Horwitz, Allan Kolski,
|e editor.
|0 (DLC)no 99001264
|4 edt
|
| 710 |
2 |
|
|a Project Muse.
|e distributor
|
| 830 |
|
0 |
|a Book collections on Project MUSE.
|
| 856 |
4 |
0 |
|z Texto completo
|u https://projectmuse.uam.elogim.com/book/78855/
|
| 945 |
|
|
|a Project MUSE - Custom Collection
|